01387cam a22003617a 4500003000500000005001700005008004100022010000800063011000900071035000800080040000900088090001000097100003800107245020200145260004000347300002200387502008700409590003700496590004100533590004100574590004100615590004200656650002700698650003100725650001800756650002200774901000700796942001000803949004000813949003200853999001300885952012700898CHAP20220329132937.0971013s1989 r 00010 d a517 a1489 a665 cCHAP aTesis00aOrtega Perales, Heriberto.983855 0aProducción de chiltepín (Capsicum annuum L. var. aviculare) y orégano (Lippia berlandieri Schawer) bajo diferente frecuencia de riego en setos vivos de nopal del altiplano potosino-zacatecano aBermejillo, Dgo. :bEl autor,c1989 a71 h.b; gráfs. aTesis (Ing. Agrónomo Esp. en Zonas aridas) -- UACH. Departamento de Zonas aridas aALEPHb10c20130110lUCH01h1205 aBATCH-UPDb10c20130110lUCH01h1115 aBATCH-UPDb10c20130410lUCH01h0706 aBATCH-UPDb10c20130914lUCH01h1124 aCONVERSIONb10c20130109lUCH01h130214aChile piquín.92249114aCultivos asociados.93037014aNopal.98164714aOrégano.983623 aBK cTESIS bBCcTESd-10121eTS1h22638i665si bZAcTESd-3044eTS1i665si c517d517 00102local4051708TESISaBCbBCcPA_TESISd2019-12-31fTESISl0oTesisp-10121r2019-12-31 00:00:00w2019-12-31yTESIS